[Event "XII Open"]
[Site "Condino ITA"]
[Date "2012.07.22"]
[Round "2"]
[White "Menon, Michele"]
[Black "Benso, Alberto"]
[WhiteElo "1747"]
[BlackElo "1410"]
[Result "1-0"]
[PlyCount "51"]
[EventDate "2012.07.22"]

1. c4 e5 2. Nc3 Nf6 3. Nf3 Nc6 4. g3 Bc5 5. e3 O-O 6. Bg2 Re8 7. O-O b6 8. d4
exd4 9. exd4 Bd6 10. Nb5 Bf8 11. Ne5 Nxe5 12. dxe5 Rxe5 13. Bxa8 c6 14. Nxa7
Be7 15. Nxc6 dxc6 16. Qxd8+ Bxd8 17. Bxc6 Rc5 18. Bb5 Bb7 19. Be3 Rf5 20. Rad1
Bc7 21. Rd2 h6 22. Bd4 Ng4 23. h4 g5 24. Bd7 gxh4 25. Bxf5 h3 26. Bxg4 1-0

[Event "XII Open"]
[Site "Condino ITA"]
[Date "2012.07.22"]
[Round "2"]
[White "Nepi, Ezio"]
[Black "Panjkovic, Aleksandar"]
[WhiteElo "1927"]
[BlackElo "2163"]
[Result "0-1"]
[PlyCount "66"]
[EventDate "2012.07.22"]

1. d4 d6 2. Nf3 g6 3. c4 Bg7 4. Nc3 Bg4 5. e3 c5 6. Be2 Nc6 7. h3 Bxf3 8. Bxf3
cxd4 9. exd4 Nh6 10. O-O O-O 11. Re1 Nf5 12. d5 Ne5 13. Be2 Rc8 14. Bd3 Qd7 15.
Re4 e6 16. Bg5 h6 17. Bf4 Nxd3 18. Qxd3 e5 19. Bd2 Qd8 20. b3 Nd4 21. Qg3 f5
22. Rxd4 exd4 23. Nb5 Qf6 24. Nxd6 Rcd8 25. Nxb7 Rde8 26. Bb4 Re2 27. Bxf8 Bxf8
28. d6 d3 29. Rd1 d2 30. d7 Be7 31. Kf1 Qe6 32. Qxg6+ Qxg6 33. Kxe2 Qe6+ 0-1

[Event "XII Open"]
[Site "Condino ITA"]
[Date "2012.07.22"]
[Round "2"]
[White "Poletti, Fausto"]
[Black "Medancic, Rikard"]
[WhiteElo "1950"]
[BlackElo "2223"]
[Result "0-1"]
[PlyCount "56"]
[EventDate "2012.07.22"]

1. c4 f5 2. g3 Nf6 3. Bg2 d6 4. Nc3 g6 5. d3 Bg7 6. Nf3 c6 7. Rb1 O-O 8. O-O e5
9. Qc2 h6 10. b4 Qe8 11. Nd2 g5 12. b5 c5 13. Nd5 Nxd5 14. Bxd5+ Kh8 15. Bb2
Nd7 16. Rbe1 Nf6 17. Bg2 Qh5 18. f3 Be6 19. Rf2 Rf7 20. Ref1 Qg6 21. e4 f4 22.
g4 Bxg4 23. fxg4 Nxg4 24. Rf3 Nf6 25. Ra1 g4 26. Rf2 Nh5 27. Kh1 Raf8 28. Rg1
Ng3+ 0-1

[Event "XII Open"]
[Site "Condino ITA"]
[Date "2012.07.22"]
[Round "2"]
[White "Popa, Claudiu"]
[Black "Pellicoro, Roberto"]
[WhiteElo "2146"]
[BlackElo "1530"]
[Result "1-0"]
[PlyCount "135"]
[EventDate "2012.07.22"]

1. e4 e5 2. Nf3 Nc6 3. d4 exd4 4. Nxd4 Nxd4 5. Qxd4 Nf6 6. e5 Ng8 7. Bc4 d6 8.
O-O c5 9. Qf4 f6 10. exd6 Bxd6 11. Re1+ Ne7 12. Qf3 Qc7 13. h3 Bd7 14. Nc3
O-O-O 15. Nb5 Bxb5 16. Bxb5 Qa5 17. Qe2 a6 18. Bd3 Rhe8 19. Bd2 Qb6 20. Qg4+
Kb8 21. Qxg7 Qc6 22. Qxh7 Rh8 23. Qe4 Nd5 24. Bc4 Be5 25. Bxd5 Rxd5 26. Bf4 Qe6
27. c4 Rd4 28. Bxe5+ fxe5 29. Qxe5+ Qxe5 30. Rxe5 Rxc4 31. Rae1 Ka7 32. R5e4
Rc2 33. R1e2 Rc1+ 34. Kh2 Rf8 35. g4 Rf1 36. Kg2 Ra1 37. b3 Rd8 38. g5 Rdd1 39.
h4 Rh1 40. Kf3 Rag1 41. Rg4 Rc1 42. g6 Rcd1 43. g7 Rd8 44. g8=Q Rxg8 45. Rxg8
Rxh4 46. Rg7 Rh6 47. Ree7 Rb6 48. Rc7 Rb5 49. Ke4 Rb4+ 50. Kd5 a5 51. Rxb7+
Rxb7 52. Rxb7+ Kxb7 53. Kxc5 Ka6 54. f4 Kb7 55. Kd6 Ka6 56. f5 Kb5 57. f6 Kb4
58. f7 Ka3 59. f8=Q Kxa2 60. Qa8 Kxb3 61. Qxa5 Kc4 62. Qc5+ Kd3 63. Qb4 Ke3 64.
Ke5 Kf2 65. Qc3 Ke2 66. Kf4 Kf2 67. Qd2+ Kg1 68. Kg3 1-0

[Event "XII Open"]
[Site "Condino ITA"]
[Date "2012.07.22"]
[Round "2"]
[White "Rigo, Nicola"]
[Black "Petragnani, Gian Giacomo"]
[WhiteElo "1305"]
[BlackElo "1733"]
[Result "0-1"]
[PlyCount "58"]
[EventDate "2012.07.22"]

1. Nc3 g6 2. e4 Bg7 3. d4 d6 4. Nf3 a6 5. Bd3 b5 6. b4 Nd7 7. O-O e5 8. d5 Ne7
9. a3 O-O 10. Ng5 h6 11. Nh3 Nf6 12. f4 Bxh3 13. gxh3 exf4 14. Rxf4 Nfxd5 15.
exd5 Bxc3 16. Rb1 Nxd5 17. Rg4 Bg7 18. Bb2 Ne3 19. Qe2 Nxg4 20. hxg4 Bxb2 21.
Rxb2 Qf6 22. Be4 Qxb2 23. Bxa8 Qd4+ 24. Kh1 Rxa8 25. Qg2 Qd1+ 26. Qg1 Qxg1+ 27.
Kxg1 Re8 28. h3 Re3 29. h4 Rxa3 0-1

[Event "XII Open"]
[Site "Condino ITA"]
[Date "2012.07.22"]
[Round "2"]
[White "Simoncini, Francesco"]
[Black "Cambria, Gilberto"]
[WhiteElo "1839"]
[BlackElo "1697"]
[Result "1-0"]
[PlyCount "71"]
[EventDate "2012.07.22"]

1. e4 e6 2. d4 d5 3. e5 c5 4. c3 Nc6 5. Nf3 Qb6 6. a3 c4 7. Nbd2 Na5 8. g3 Bd7
9. Rb1 Qc7 10. Bh3 Ne7 11. Nh4 Ng6 12. Ng2 Nb3 13. Nxb3 Ba4 14. Ne3 Bxb3 15.
Qe2 Ne7 16. f4 g6 17. g4 Nc6 18. O-O O-O-O 19. Kh1 Kb8 20. f5 Bg7 21. fxe6 fxe6
22. g5 Qe7 23. Ng4 Rdf8 24. Nf6 Nd8 25. Qg4 Bc2 26. Ra1 Bf5 27. Qg3 Bxh3 28.
Qxh3 h6 29. gxh6 Bxf6 30. exf6 Rxf6 31. Qg3+ Kc8 32. Bg5 Rxf1+ 33. Rxf1 Qd7 34.
Qe5 Rh7 35. Rf8 Qc7 36. Qxe6+ 1-0

[Event "XII Open"]
[Site "Condino ITA"]
[Date "2012.07.22"]
[Round "2"]
[White "Simoni, Giulio"]
[Black "Pedrotti, Luciano"]
[WhiteElo "1680"]
[BlackElo "1812"]
[Result "1/2-1/2"]
[PlyCount "157"]
[EventDate "2012.07.22"]

1. e4 e5 2. Nf3 Nc6 3. Bb5 a6 4. Ba4 Nge7 5. c3 Ng6 6. O-O Be7 7. d4 exd4 8.
Nxd4 O-O 9. Be3 Nge5 10. Qe2 b5 11. Nxc6 Nxc6 12. Bb3 Na5 13. Nd2 Bb7 14. Bc2
c5 15. c4 b4 16. b3 Nc6 17. Rad1 Qe8 18. Nf3 d6 19. Bf4 Rd8 20. Rd2 f6 21. Rfd1
Ne5 22. Bg3 a5 23. Nh4 g6 24. f4 Nc6 25. Nf3 Qf7 26. f5 Ne5 27. Bxe5 fxe5 28.
g4 gxf5 29. gxf5 Kh8 30. Qe3 Rg8+ 31. Kf2 Qh5 32. Rg1 Rxg1 33. Kxg1 Rg8+ 34.
Rg2 Rxg2+ 35. Kxg2 Qg4+ 36. Kf2 Qh3 37. Ke2 Qg2+ 38. Qf2 Qg4 39. Qg3 Qh5 40. h4
Qh6 41. Ng5 Qh5+ 42. Ke3 h6 43. Ne6 Bf6 44. Nf8 Qf7 45. Ng6+ Kh7 46. Bd1 Qg7
47. h5 Bg5+ 48. Kd3 Qf6 49. Bf3 Bc8 50. Qg4 Bd7 51. Bd1 Be8 52. Qf3 Kg7 53. Qg4
Bc6 54. Qf3 Kf7 55. Qg4 Ke8 56. Qf3 Kd7 57. Qg4 Kc7 58. Qf3 Kb6 59. Qg4 Qd8 60.
Qf3 Bd7 61. Bc2 Qe8 62. Qd1 Kc7 63. Ke2 Bc6 64. Kd3 Qd7 65. Ke2 Qf7 66. Kd3 Qf6
67. Qf3 Bc1 68. Qg4 Be8 69. Bd1 Bf7 70. Bf3 Kd8 71. Bd1 Ke8 72. Qh4 Qxh4 73.
Nxh4 Ke7 74. Ng6+ Kf6 75. Ke2 Kg5 76. Kf2 Bf4 77. Kg2 Kf6 78. Kf3 Bc1 79. Kg4
1/2-1/2

[Event "XII Open"]
[Site "Condino ITA"]
[Date "2012.07.22"]
[Round "2"]
[White "Weil, Dany"]
[Black "Beccaris, Gabriele"]
[WhiteElo "1901"]
[BlackElo "2042"]
[Result "1-0"]
[PlyCount "109"]
[EventDate "2012.07.22"]

1. d4 Nf6 2. c4 e6 3. Nc3 c5 4. e3 b6 5. Nf3 Bb7 6. Bd3 Be7 7. O-O O-O 8. d5
exd5 9. Nxd5 Nxd5 10. cxd5 d6 11. e4 Bf6 12. Qc2 g6 13. Bf4 Na6 14. a3 Nc7 15.
Rad1 Qd7 16. Rfe1 Rfe8 17. Qd2 Rad8 18. b4 Qa4 19. bxc5 bxc5 20. Rb1 Ba6 21.
Bxa6 Qxa6 22. Bg5 Bxg5 23. Qxg5 Kg7 24. Re3 f6 25. Qg3 Rb8 26. Rxb8 Rxb8 27. h4
Rb1+ 28. Kh2 Nb5 29. h5 Qc8 30. Nh4 Qe8 31. a4 Nd4 32. Qxd6 Qe5+ 33. Qxe5 fxe5
34. hxg6 hxg6 35. Rc3 Rb4 36. Rxc5 Rxa4 37. d6 Kf6 38. d7 Ne6 39. Rc6 Rd4 40.
Nxg6 Rxd7 41. Nf8 Re7 42. Ra6 Kf7 43. Nxe6 Rxe6 44. Rxa7+ Kf6 45. Kg3 Re8 46.
Ra6+ Kg5 47. Ra3 Kf6 48. Kf3 Rg8 49. g3 Ke6 50. Ra6+ Ke7 51. Kg2 Rh8 52. f4 Rb8
53. Kf3 Rb3+ 54. Kg4 Re3 55. Kf5 1-0

[Event "XII Open"]
[Site "Condino ITA"]
[Date "2012.07.22"]
[Round "2"]
[White "Weinberg, Emanuele"]
[Black "Agostinetto, Alessandro"]
[WhiteElo "1786"]
[BlackElo "1656"]
[Result "1-0"]
[PlyCount "89"]
[EventDate "2012.07.22"]

1. d4 d5 2. Nf3 e6 3. g3 Nf6 4. Bg2 c6 5. O-O Be7 6. b3 O-O 7. c4 Nbd7 8. Bb2
Ne4 9. Nfd2 f5 10. f3 Nxd2 11. Nxd2 Bg5 12. e4 fxe4 13. fxe4 Be3+ 14. Kh1 dxe4
15. Nxe4 Nf6 16. Nxf6+ Rxf6 17. Qd3 Bg5 18. Be4 h6 19. d5 Rxf1+ 20. Rxf1 exd5
21. cxd5 Bh3 22. Rf2 Qb6 23. Qf3 Qc7 24. g4 Re8 25. Qf5 Rxe4 26. Qxe4 Bf6 27.
Bxf6 gxf6 28. Qe8+ Kg7 29. Qh5 Qb6 30. Rf3 cxd5 31. Qxh3 Qa5 32. Qg2 Qe1+ 33.
Rf1 Qe5 34. Rd1 d4 35. Qxb7+ Kg6 36. Qf3 Kg7 37. Qd3 Qd5+ 38. Kg1 Qa5 39. Rd2
Qa3 40. Qxd4 Qc1+ 41. Rd1 Qa3 42. Qd7+ Kg6 43. Qf5+ Kf7 44. Rd7+ Ke8 45. Qe6+
1-0

[Event "XII Open"]
[Site "Condino ITA"]
[Date "2012.07.24"]
[Round "3"]
[White "Agostinetto, Alessandro"]
[Black "Rigo, Nicola"]
[WhiteElo "1656"]
[BlackElo "1305"]
[Result "1-0"]
[PlyCount "55"]
[EventDate "2012.07.22"]

1. e4 e5 2. Nf3 Nc6 3. Bc4 Nf6 4. Nc3 Bc5 5. d3 O-O 6. Bg5 h6 7. Bxf6 Qxf6 8.
O-O d6 9. h3 a6 10. Nd5 Qd8 11. a3 b5 12. Ba2 a5 13. c3 Ba7 14. d4 Ne7 15. dxe5
c6 16. Nxe7+ Qxe7 17. Qxd6 Qb7 18. Rad1 Be6 19. Bxe6 fxe6 20. Qxe6+ Kh8 21. Rd7
Rfe8 22. Qxe8+ Rxe8 23. Rxb7 Bc5 24. Nd4 Rd8 25. Ne6 Rd2 26. Nxc5 Rxb2 27. e6
Re2 28. e7 1-0

[Event "XII Open"]
[Site "Condino ITA"]
[Date "2012.07.24"]
[Round "3"]
[White "Barucco, Mattia"]
[Black "Weinberg, Emanuele"]
[WhiteElo "2000"]
[BlackElo "1786"]
[Result "1-0"]
[PlyCount "45"]
[EventDate "2012.07.22"]

1. e4 Nf6 2. e5 Nd5 3. c4 Nb6 4. d4 d6 5. exd6 cxd6 6. Nc3 Nc6 7. Nf3 g6 8. Be3
Bg7 9. h3 O-O 10. Be2 e5 11. O-O f5 12. dxe5 dxe5 13. c5 Qxd1 14. Rfxd1 Nd7 15.
Bc4+ Kh8 16. Ng5 h6 17. Ne6 Rf6 18. Nxg7 Kxg7 19. Nd5 Rf8 20. Nc7 f4 21. Ne6+
Kf7 22. Nxf4+ Kf6 23. Rd6+ 1-0

[Event "XII Open"]
[Site "Condino ITA"]
[Date "2012.07.24"]
[Round "3"]
[White "Beccaris, Gabriele"]
[Black "De Paoli, Emilio"]
[WhiteElo "2042"]
[BlackElo "1851"]
[Result "0-1"]
[PlyCount "66"]
[EventDate "2012.07.22"]

1. e4 d5 2. exd5 Nf6 3. c4 c6 4. d4 cxd5 5. Nc3 Nc6 6. c5 g6 7. Bb5 Bg7 8. Nf3
O-O 9. Bxc6 bxc6 10. O-O Bg4 11. h3 Bxf3 12. Qxf3 Rb8 13. Qe2 Nh5 14. Rd1 Re8
15. g4 Nf6 16. Bf4 e5 17. dxe5 Nd7 18. Qa6 Bxe5 19. Bxe5 Nxe5 20. Rab1 Qh4 21.
Qf1 Nf3+ 22. Kh1 Rb4 23. Qg2 Ng5 24. Rd3 h5 25. gxh5 Qxh5 26. Rg3 Ne4 27. Nxe4
Rbxe4 28. b4 d4 29. a3 Kg7 30. Rd3 Qf5 31. Rg1 Rh8 32. Rf3 Rf4 33. Rxf4 Rxh3+
0-1

[Event "XII Open"]
[Site "Condino ITA"]
[Date "2012.07.24"]
[Round "3"]
[White "Benso, Alberto"]
[Black "Forno, Diego"]
[WhiteElo "1410"]
[BlackElo "1715"]
[Result "0-1"]
[PlyCount "88"]
[EventDate "2012.07.22"]

1. e4 d6 2. d4 Nf6 3. Nc3 g6 4. Nf3 Bg7 5. Bc4 O-O 6. O-O c6 7. Re1 Nbd7 8. Bd2
e5 9. dxe5 Nxe5 10. Nxe5 dxe5 11. Bg5 Qb6 12. Bb3 h6 13. Bh4 g5 14. Bg3 Bg4 15.
Qd2 Nh5 16. Qe3 Nf4 17. Qxb6 axb6 18. f3 Be6 19. Bxe6 Nxe6 20. Rad1 Nd4 21. Rd2
Rfd8 22. a3 Nxf3+ 23. gxf3 Rxd2 24. Rc1 f6 25. Kf1 Bf8 26. Bf2 Bc5 27. Nd1 Rad8
28. Ke1 Rxd1+ 29. Rxd1 Rxd1+ 30. Kxd1 Bxf2 31. Ke2 Bc5 32. Kd3 b5 33. b4 Bb6
34. h3 Kf7 35. c4 bxc4+ 36. Kxc4 Ke6 37. a4 Bd4 38. a5 f5 39. b5 cxb5+ 40. Kxb5
h5 41. exf5+ Kxf5 42. Kc4 Kf4 43. Kd3 Kxf3 44. Kd2 Kg3 0-1

[Event "XII Open"]
[Site "Condino ITA"]
[Date "2012.07.24"]
[Round "3"]
[White "Bondoni, Bernardino"]
[Black "Galas, Franco"]
[WhiteElo "1584"]
[BlackElo "1756"]
[Result "1-0"]
[PlyCount "79"]
[EventDate "2012.07.22"]

1. d4 d6 2. c4 Nf6 3. Nc3 e6 4. Nf3 Be7 5. Bf4 b6 6. e3 Nbd7 7. Be2 h6 8. h3
Bb7 9. O-O Nh7 10. Bd3 Ng5 11. Nxg5 Bxg5 12. Bh2 O-O 13. Be4 c6 14. Bxd6 Re8
15. Bh2 Rc8 16. Qe2 Be7 17. a3 Nf6 18. Bf3 Bd6 19. Rad1 Qc7 20. Bxd6 Qxd6 21.
e4 Nh7 22. e5 Qe7 23. Ne4 Rc7 24. Nd6 Rf8 25. Nxb7 Rxb7 26. Bxc6 Rc7 27. d5
exd5 28. cxd5 Qh4 29. Rc1 Rfc8 30. Rc2 Nf8 31. Qe3 Qh5 32. b4 Qg6 33. b5 Re7
34. f4 f6 35. d6 Rxe5 36. fxe5 fxe5 37. Qxe5 Rd8 38. Rd1 Nd7 39. Qe7 Rf8 40.
Bxd7 1-0

[Event "XII Open"]
[Site "Condino ITA"]
[Date "2012.07.24"]
[Round "3"]
[White "Bortolotti, Silvano"]
[Black "Licandro, Michele"]
[WhiteElo "1772"]
[BlackElo "1577"]
[Result "0-1"]
[PlyCount "88"]
[EventDate "2012.07.22"]

1. e4 c5 2. Nc3 Nc6 3. f4 d6 4. Nf3 e6 5. Bc4 Nf6 6. d3 h6 7. Bb5 Bd7 8. O-O a6
9. Bxc6 Bxc6 10. a4 Be7 11. Qe1 O-O 12. Qg3 Nh7 13. f5 Kh8 14. fxe6 fxe6 15.
Ne2 e5 16. Be3 Qe8 17. h4 Bxa4 18. b3 Bd7 19. c3 Bb5 20. c4 Bd7 21. Rf2 Qh5 22.
Qh2 Nf6 23. Ng3 Qg6 24. h5 Qe8 25. Nh4 Ng4 26. Rxf8+ Bxf8 27. Ng6+ Kh7 28. Qh4
Nxe3 29. Re1 Ng4 30. Rf1 Nf6 31. Rxf6 gxf6 32. Qxf6 Bg7 33. Qxd6 Rc8 34. Ne7
Bf8 35. Qg6+ Qxg6 36. hxg6+ Kh8 37. Nxc8 Bxc8 38. Nf5 Bxf5 39. exf5 Kg7 40. g4
Kf6 41. Kf2 Kg5 42. Kf3 Bg7 43. Kg3 Bf6 44. Kf3 Kh4 0-1

[Event "XII Open"]
[Site "Condino ITA"]
[Date "2012.07.24"]
[Round "3"]
[White "Calabrese, Maurizio"]
[Black "Petragnani, Alessandro"]
[WhiteElo "1541"]
[BlackElo "1963"]
[Result "0-1"]
[PlyCount "64"]
[EventDate "2012.07.22"]

1. c4 g6 2. Nf3 Bg7 3. Nc3 d6 4. g3 e5 5. d4 Nc6 6. Bg5 f6 7. Be3 Bg4 8. Bg2
Bxf3 9. exf3 exd4 10. Bxd4 Nxd4 11. Qxd4 Qe7+ 12. Ne2 O-O-O 13. f4 Re8 14. O-O
c5 15. Qd5 f5 16. Nc3 Bxc3 17. bxc3 Nf6 18. Qd1 Ne4 19. Qd3 h6 20. Rfe1 Rh7 21.
Re3 Qd7 22. Bxe4 fxe4 23. Rxe4 Rxe4 24. Qxe4 g5 25. Rd1 Re7 26. Qd5 gxf4 27.
gxf4 Qg4+ 28. Kh1 Qxf4 29. Qg2 Qxc4 30. Qh3+ Kc7 31. Qxh6 Qe4+ 32. Kg1 Qg4+ 0-1

[Event "XII Open"]
[Site "Condino ITA"]
[Date "2012.07.24"]
[Round "3"]
[White "De Santis, Alessio"]
[Black "Innocenti, Luca"]
[WhiteElo "2349"]
[BlackElo "2004"]
[Result "1-0"]
[PlyCount "79"]
[EventDate "2012.07.22"]

1. Nf3 Nf6 2. d4 g6 3. c4 Bg7 4. Nc3 d6 5. e4 O-O 6. h3 Nbd7 7. Be3 e5 8. d5
Nh5 9. Nd2 c5 10. g3 Bh8 11. Be2 Ng7 12. h4 f5 13. Bg5 Nf6 14. h5 Bd7 15. hxg6
hxg6 16. Qc2 Qc8 17. Rh6 Be8 18. Bxf6 Rxf6 19. O-O-O Nh5 20. exf5 Bg7 21. Rxg6
Bxg6 22. fxg6 Qh3 23. Bf3 Nxg3 24. fxg3 Qxg3 25. Nce4 Qxg6 26. Nxf6+ Qxf6 27.
Rg1 e4 28. Bxe4 Re8 29. Bd3 Qf2 30. Rd1 Re1 31. Rxe1 Qxe1+ 32. Qd1 Qe5 33. Qg4
Qxb2+ 34. Kd1 Qxa2 35. Qc8+ Kf7 36. Qxb7+ Kg8 37. Qc8+ Kf7 38. Qe6+ Kf8 39.
Qxd6+ Kf7 40. Bg6+ 1-0

[Event "XII Open"]
[Site "Condino ITA"]
[Date "2012.07.24"]
[Round "3"]
[White "Girelli, Sergio"]
[Black "Popa, Claudiu"]
[WhiteElo "1889"]
[BlackElo "2146"]
[Result "1/2-1/2"]
[PlyCount "47"]
[EventDate "2012.07.22"]

1. e4 e5 2. Nf3 Nc6 3. Bc4 Nf6 4. Ng5 d5 5. exd5 Na5 6. Bb5+ c6 7. dxc6 bxc6 8.
Be2 h6 9. Nf3 e4 10. Ne5 Bd6 11. d4 exd3 12. Nxd3 Qc7 13. b3 O-O 14. Bb2 Nd5
15. Nc3 Nf4 16. Nxf4 Bxf4 17. h3 Rd8 18. Bd3 Bf5 19. O-O Nb7 20. Qf3 Bxd3 21.
cxd3 Be5 22. Na4 Bxb2 23. Nxb2 Rd6 24. Rac1 1/2-1/2

[Event "XII Open"]
[Site "Condino ITA"]
[Date "2012.07.24"]
[Round "3"]
[White "Lezzerini, Marco"]
[Black "Menon, Michele"]
[WhiteElo "1948"]
[BlackElo "1747"]
[Result "1-0"]
[PlyCount "71"]
[EventDate "2012.07.22"]

1. c4 d6 2. g3 g6 3. Bg2 Bg7 4. Nc3 e5 5. e4 Ne7 6. Nge2 Nbc6 7. O-O O-O 8. d3
f5 9. Nd5 Nxd5 10. exd5 Ne7 11. f4 Kh8 12. Rb1 Ng8 13. b4 Nf6 14. Bb2 Re8 15.
b5 Qe7 16. Re1 e4 17. Nc3 Bd7 18. dxe4 fxe4 19. Nxe4 Nxe4 20. Rxe4 Qf7 21.
Bxg7+ Qxg7 22. Rxe8+ Rxe8 23. Qd2 Bf5 24. Rc1 Qe7 25. Kf2 Kg8 26. Re1 Qf7 27.
Rxe8+ Qxe8 28. Qe3 Qf7 29. Qxa7 b6 30. Qb8+ Kg7 31. Qd8 h5 32. Ke3 Kh7 33. Be4
Bg4 34. Qg5 Qg7 35. Kd3 Bh3 36. Qxh5+ 1-0

[Event "XII Open"]
[Site "Condino ITA"]
[Date "2012.07.24"]
[Round "3"]
[White "Medancic, Rikard"]
[Black "Weil, Dany"]
[WhiteElo "2223"]
[BlackElo "1901"]
[Result "1-0"]
[PlyCount "57"]
[EventDate "2012.07.22"]

1. d4 Nf6 2. Bg5 b6 3. Bxf6 exf6 4. e3 Bb7 5. Nf3 g6 6. g3 Bg7 7. Bg2 O-O 8.
O-O d6 9. d5 f5 10. Nd4 Nd7 11. a4 Qf6 12. a5 Ba6 13. Re1 g5 14. Bh3 g4 15. Bg2
h5 16. Nc3 Ne5 17. Ra2 Nc4 18. Bf1 Qh6 19. axb6 Bxd4 20. exd4 Nd2 21. Bg2 axb6
22. Ra1 h4 23. Ne2 h3 24. Bh1 Nc4 25. b3 Ne3 26. Qc1 Rfe8 27. Nf4 Ng2 28. Nxg2
hxg2 29. Qxh6 1-0

[Event "XII Open"]
[Site "Condino ITA"]
[Date "2012.07.24"]
[Round "3"]
[White "Murgia, Andrea"]
[Black "Simoncini, Francesco"]
[WhiteElo "2017"]
[BlackElo "1839"]
[Result "1/2-1/2"]
[PlyCount "119"]
[EventDate "2012.07.22"]

1. e4 d6 2. d4 Nf6 3. Bd3 e5 4. c3 Nbd7 5. f4 g6 6. Nf3 exf4 7. Bxf4 Bg7 8. Qd2
O-O 9. Bh6 Re8 10. Bxg7 Kxg7 11. O-O Nxe4 12. Bxe4 Rxe4 13. Ng5 Re7 14. Rxf7+
Kg8 15. Qf2 Qe8 16. Rxe7 Qxe7 17. h4 Nf6 18. Nd2 Bd7 19. Re1 Qg7 20. Ne6 Bxe6
21. Rxe6 Rf8 22. Qe2 Qf7 23. Nf3 Re8 24. d5 h6 25. Nd4 Rxe6 26. dxe6 Qe7 27. g4
c5 28. g5 hxg5 29. hxg5 Nh7 30. Nb5 Qxg5+ 31. Kf1 Qe7 32. Nxa7 Ng5 33. Qg4 Qf6+
34. Kg1 Nf3+ 35. Kh1 Qh8+ 36. Kg2 Ne5 37. e7 Kf7 38. Qc8 Qxc8 39. Nxc8 Nc4 40.
b3 Ne3+ 41. Kf3 Nf5 42. Ke4 Ke8 43. a4 Kd7 44. a5 Nxe7 45. Nb6+ Kc6 46. c4 g5
47. Na4 d5+ 48. cxd5+ Nxd5 49. Kf5 Kb5 50. Kxg5 Ne7 51. Kf6 Nc6 52. a6 bxa6 53.
Ke6 Nd4+ 54. Kd5 Nxb3 55. Nc3+ Kb4 56. Na2+ Ka3 57. Nc3 a5 58. Kc4 Kb2 59. Na4+
Kc2 60. Kb5 1/2-1/2

[Event "XII Open"]
[Site "Condino ITA"]
[Date "2012.07.24"]
[Round "3"]
[White "Panjkovic, Aleksandar"]
[Black "Vallejo Pons, Francisco"]
[WhiteElo "2163"]
[BlackElo "2697"]
[Result "0-1"]
[PlyCount "70"]
[EventDate "2012.07.22"]

1. e4 c5 2. Nc3 e6 3. f4 a6 4. Nf3 Nc6 5. d3 d5 6. g3 g6 7. Bg2 Bg7 8. O-O Nge7
9. Rb1 O-O 10. Bd2 b6 11. Ne2 a5 12. Bc3 f6 13. a4 Ba6 14. Re1 Qd7 15. g4 e5
16. f5 dxe4 17. dxe4 Nd4 18. Bxd4 cxd4 19. c3 d3 20. Qb3+ Kh8 21. Rbd1 b5 22.
Nc1 bxa4 23. Qa3 Rg8 24. Nxd3 Bxd3 25. Re3 Qa7 26. Rdxd3 gxf5 27. Kh1 Ng6 28.
c4 fxg4 29. Ne1 Bh6 30. Rg3 Nf4 31. Rd1 Bf8 32. Qxa4 Ne2 33. Nd3 Nxg3+ 34. hxg3
Rg6 35. Bf1 Qe3 0-1

[Event "XII Open"]
[Site "Condino ITA"]
[Date "2012.07.24"]
[Round "3"]
[White "Pedrotti, Luciano"]
[Black "Garonzi, Martino"]
[WhiteElo "1812"]
[BlackElo "2025"]
[Result "0-1"]
[PlyCount "64"]
[EventDate "2012.07.22"]

1. e4 c5 2. Nf3 Nc6 3. d4 cxd4 4. Nxd4 Nf6 5. Nxc6 bxc6 6. Bd3 g6 7. O-O Bg7 8.
Nd2 O-O 9. c3 d6 10. Nb3 c5 11. e5 Ng4 12. exd6 exd6 13. Be2 Ne5 14. Bf4 a5 15.
Bxe5 Bxe5 16. Bf3 Rb8 17. Bd5 a4 18. Nd2 Ba6 19. Re1 Rxb2 20. Qc1 a3 21. Nf3
Qf6 22. c4 Bd4 23. Rf1 Bc8 24. Qd1 Bc3 25. Qd3 Re8 26. Ng5 Rd2 27. Ne4 Rxe4 28.
Qxe4 Bxa1 29. Qe8+ Kg7 30. Qxc8 Bd4 31. Qh3 Rxf2 32. g3 Rxf1+ 0-1

[Event "XII Open"]
[Site "Condino ITA"]
[Date "2012.07.24"]
[Round "3"]
[White "Pellicoro, Roberto"]
[Black "Menichini, Massimo"]
[WhiteElo "1530"]
[BlackElo "1776"]
[Result "0-1"]
[PlyCount "84"]
[EventDate "2012.07.22"]

1. e4 c5 2. Nf3 Nc6 3. Bc4 d6 4. O-O e5 5. d3 Be6 6. Nc3 Nf6 7. Bg5 Bg4 8. Be3
Nd4 9. Bxd4 cxd4 10. Nd5 Nxd5 11. Bxd5 Be7 12. c3 dxc3 13. bxc3 O-O 14. Rb1 Rb8
15. d4 exd4 16. cxd4 Bf6 17. Qd3 Bxf3 18. Qxf3 Bxd4 19. Rfd1 Be5 20. Rd3 h6 21.
Rdb3 b6 22. Rd1 Kh8 23. Qe3 Qg5 24. f3 Qh4 25. g3 Qh5 26. Rbd3 Rbc8 27. f4 Bf6
28. Bb3 Be7 29. Kh1 Rc5 30. Qd4 Rfc8 31. g4 Qg6 32. Kg2 Bf6 33. Qxd6 Qxg4+ 34.
Kh1 Rd8 35. Qxf6 Rxd3 36. Qa1 Qf3+ 37. Kg1 Rxd1+ 38. Bxd1 Qe3+ 39. Kg2 Rc1 40.
Qe5 Rxd1 41. Qe8+ Kh7 42. Qxf7 Rg1# 0-1

[Event "XII Open"]
[Site "Condino ITA"]
[Date "2012.07.24"]
[Round "3"]
[White "Pieri, Enzo"]
[Black "Poletti, Fausto"]
[WhiteElo "1750"]
[BlackElo "1950"]
[Result "0-1"]
[PlyCount "96"]
[EventDate "2012.07.22"]

1. d4 Nf6 2. c4 g6 3. Nc3 Bg7 4. Nf3 d6 5. g3 O-O 6. Bg2 Nc6 7. O-O e5 8. dxe5
dxe5 9. Qxd8 Rxd8 10. e4 Be6 11. b3 h6 12. Bb2 Ne8 13. Nd5 Nd4 14. Kh1 c6 15.
Ne3 Rd7 16. Ne1 Rad8 17. f4 f6 18. f5 gxf5 19. exf5 Bf7 20. Nd3 Nxf5 21. Nxf5
Rxd3 22. Nxg7 Kxg7 23. Ba3 Be6 24. Bf3 Bh3 25. Rf2 Rd2 26. Rxd2 Rxd2 27. Bh5
Nc7 28. Bb4 Rd7 29. Rd1 Rxd1+ 30. Bxd1 Bf5 31. Kg2 Ne6 32. a4 Nd4 33. Kf2 Bc2
34. Bxc2 Nxc2 35. Bc3 c5 36. Bd2 h5 37. a5 a6 38. Be3 Nd4 39. Bxd4 exd4 40. Ke2
Kg6 41. Kd3 Kf5 42. b4 cxb4 43. Kxd4 Kg4 44. c5 Kh3 45. Kc4 Kxh2 46. Kxb4 Kxg3
47. c6 bxc6 48. Kc5 h4 0-1

[Event "XII Open"]
[Site "Condino ITA"]
[Date "2012.07.24"]
[Round "3"]
[White "Sanzani, Pierluigi"]
[Black "Simoni, Giulio"]
[WhiteElo "1859"]
[BlackElo "1680"]
[Result "1-0"]
[PlyCount "125"]
[EventDate "2012.07.22"]

1. e4 c6 2. d4 d5 3. e5 Bf5 4. Nc3 Nd7 5. g4 Bg6 6. Nge2 e6 7. h4 h6 8. Be3 Be7
9. h5 Bh7 10. Qd2 f6 11. Nf4 Nf8 12. Nd3 Bxd3 13. Qxd3 Qc7 14. f4 O-O-O 15.
O-O-O Nd7 16. f5 exf5 17. e6 Nf8 18. gxf5 Nh7 19. Ne2 Bd6 20. Kb1 Ne7 21. Bg2
Ng5 22. Rhf1 b5 23. c3 Kb7 24. b4 Ra8 25. Kb2 a5 26. a3 Ra6 27. Ra1 Rha8 28.
Bd2 a4 29. Rae1 Re8 30. Qe3 Raa8 31. Nc1 Bg3 32. Re2 Nc8 33. Nd3 Nb6 34. Nc5+
Ka7 35. Qd3 Bd6 36. Be1 Nc4+ 37. Ka2 Bxc5 38. bxc5 Re7 39. Bg3 Qd8 40. Ree1 Rc8
41. Bf4 Ra8 42. Rh1 Ka6 43. Qg3 Raa7 44. Bd6 Re8 45. Bf4 Ree7 46. Rb1 Rab7 47.
Qe1 Ka7 48. Bf1 Qc8 49. Bxc4 bxc4 50. Rb4 Rxb4 51. axb4 Ne4 52. Ka3 Ka8 53. Rh3
Qa6 54. Rh2 Qb7 55. Bd6 Re8 56. Rb2 Ng5 57. Qd1 Qa6 58. Qxa4 Qxa4+ 59. Kxa4 Kb7
60. b5 Ra8+ 61. Kb4 Ra7 62. b6 Ra8 63. e7 1-0

[Event "XII Open"]
[Site "Condino ITA"]
[Date "2012.07.24"]
[Round "3"]
[White "Schaberg, Wolfgang"]
[Black "Marguerettaz, Davy"]
[WhiteElo "1887"]
[BlackElo "2214"]
[Result "1/2-1/2"]
[PlyCount "41"]
[EventDate "2012.07.22"]

1. e4 e5 2. Nf3 Nc6 3. Bc4 Bc5 4. c3 Nf6 5. d4 exd4 6. cxd4 Bb4+ 7. Bd2 Nxe4 8.
Bxb4 Nxb4 9. Bxf7+ Kxf7 10. Qb3+ d5 11. Qxb4 Rf8 12. Nc3 Kg8 13. Nxe4 dxe4 14.
Ne5 Be6 15. O-O Bd5 16. a3 Qg5 17. Nc4 a5 18. Qc3 Rf3 19. Ne3 Be6 20. h4 Qg6
21. Qxc7 1/2-1/2